[Event "Elitserien Allsvenskan 2017-18"]
[Site "Lund"]
[Date "2017.10.21"]
[Round "2"]
[White "Helgason, Reynir"]
[Black "Engqvist, Thomas"]
[Result "1-0"]
[WhiteElo "2294"]
[BlackElo "2352"]
[Annotator "NA"]
[PlyCount "151"]
[EventDate "2017.??.??"]
[EventCountry "SWE"]
[SourceTitle "playchess.com"]
[Source "ChessBase"]
[SourceQuality "1"]
[TimeControl "40/5400+30:1800+30"]

1. d4 {[%emt 0:00:00]} Nf6 {[%emt 0:01:16]} 2. c4 {[%emt 0:00:08]} e6 {[%emt 0:00:20]} 3. Nc3 {[%emt 0:00:09]} Bb4 {[%emt 0:00:16]} 4. Bg5 {[%emt 0:00:53]} h6 {[%emt 0:00:22]} 5. Bh4 {[%emt 0:00:08]} c5 {[%emt 0:01:07]} 6. d5 {[%emt 0:00:08]} b5 {[%emt 0:03:17]} 7. cxb5 {[%emt 0:40:21]} a6 {[%emt 0:12:10]} 8. a3 {[%emt 0:13:50]} Bxc3+ {[%emt 0:10:48]} 9. bxc3 {[%emt 0:00:06]} axb5 {[%emt 0:02:36]} 10. dxe6 {[%emt 0:05:55]} fxe6 {[%emt 0:00:05]} 11. e3 {[%emt 0:00:25]} O-O {[%emt 0:18:00]} 12. Bxb5 {[%emt 0:08:12]} Qa5 {[%emt 0:00:33]} 13. Bxf6 {[%emt 0:13:20]} Qxb5 {[%emt 0:05:14]} 14. Be7 {[%emt 0:00:57]} Ba6 {[%emt 0:07:27]} 15. Ne2 {[%emt 0:00:48]} Rf7 {[%emt 0:03:22]} 16. Bd6 {[%emt 0:00:16]} Nc6 {[%emt 0:02:48]} 17. Ra2 {[%emt 0:02:01]} Na5 {[%emt 0:01:34]} 18. f3 {[%emt 0:04:27]} Nc4 {[%emt 0:02:40]} 19. Kf2 {[%emt 0:00:23]} e5 {[%emt 0:12:32]} 20. Qd5 {[%emt 0:02:53]} Rc8 {[%emt 0:00:05]} 21. Ng3 {[%emt 0:02:52]} Bb7 {[%emt 0:02:34]} 22. Qd1 {[%emt 0:00:56]} Rf6 {[%emt 0:05:49]} 23. Rd2 {[%emt 0:00:44]} Nxd2 {[%emt 0:02:55]} 24. Qxd2 {[%emt 0:00:01]} Re8 {[%emt 0:00:38]} 25. Qa2+ {[%emt 0:00:48]} Kh8 {[%emt 0:00:38]} 26. Rb1 {[%emt 0:00:07]} Qc6 {[%emt 0:01:43]} 27. Bxc5 {[%emt 0:00:05]} Qxc5 {[%emt 0:00:51]} 28. Rxb7 {[%emt 0:00:05]} Qc6 {[%emt 0:00:10]} 29. Qb2 {[%emt 0:00:27]} Rff8 {[%emt 0:00:30]} 30. Rb6 {[%emt 0:01:08]} Qd5 {[%emt 0:00:22]} 31. Rb5 {[%emt 0:00:27]} Qd3 {[%emt 0:00:16]} 32. e4 {[%emt 0:00:27]} Rc8 {[%emt 0:00:18]} 33. Rd5 {[%emt 0:01:19]} Qc4 {[%emt 0:00:18]} 34. Rxe5 {[%emt 0:00:27]} Rb8 {[%emt 0:00:04]} 35. Qd2 {[%emt 0:00:50]} Rb1 {[%emt 0:00:35]} 36. Ne2 {[%emt 0:00:23]} Rfb8 {[%emt 0:00:03]} 37. Qxd7 {[%emt 0:00:38]} R1b2 {[%emt 0:00:34]} 38. Qd1 {[%emt 0:01:03]} Qxc3 {[%emt 0:00:21]} 39. Rd5 {[%emt 0:00:19]} Qc7 {[%emt 0:02:34]} 40. h3 {[%emt 0:00:31]} Qb6+ {[%emt 0:31:40]} 41. Qd4 {[%emt 0:05:55]} Qa6 {[%emt 0:00:00]} 42. Qd3 {[%emt 0:00:27]} Qf6 {[%emt 0:00:00]} 43. Kg3 {[%emt 0:05:00]} Qe7 {[%emt 0:00:00]} 44. Nf4 {[%emt 0:02:41]} Kg8 {[%emt 0:00:00]} 45. h4 {[%emt 0:00:46]} Rb1 {[%emt 0:00:00]} 46. e5 {[%emt 0:05:46]} Qc7 {[%emt 0:00:00]} 47. Ng6 {[%emt 0:05:24]} R1b2 {[%emt 0:00:00]} 48. Rd7 {[%emt 0:02:26]} Qb6 {[%emt 0:00:00]} 49. Nf4 {[%emt 0:01:08]} Qf2+ {[%emt 0:00:00]} 50. Kg4 {[%emt 0:01:04]} Qb6 {[%emt 0:00:00]} 51. Qd5+ {[%emt 0:01:10]} Kh8 {[%emt 0:00:00]} 52. h5 {[%emt 0:00:38]} Qe3 {[%emt 0:00:00]} 53. e6 {[%emt 0:01:19]} R2b5 {[%emt 0:03:12]} 54. Rd8+ {[%emt 0:01:59]} Kh7 {[%emt 0:01:34]} 55. Qd3+ {[%emt 0:00:26]} Qxd3 {[%emt 0:00:11]} 56. Rxd3 {[%emt 0:00:02]} Rg5+ {[%emt 0:01:20]} 57. Kh4 {[%emt 0:00:15]} Re5 {[%emt 0:01:33]} 58. g4 {[%emt 0:00:11]} Ra8 {[%emt 0:01:23]} 59. Kg3 {[%emt 0:00:30]} Kg8 {[%emt 0:00:06]} 60. Nd5 {[%emt 0:01:54]} Kf8 {[%emt 0:01:03]} 61. e7+ {[%emt 0:00:45]} Rxe7 {[%emt 0:00:39]} 62. Nxe7 {[%emt 0:00:05]} Kxe7 {[%emt 0:00:03]} 63. Kf4 {[%emt 0:00:07]} Ra4+ {[%emt 0:00:57]} 64. Kf5 {[%emt 0:00:15]} Ra5+ {[%emt 0:00:05]} 65. Ke4 {[%emt 0:00:16]} Ke6 {[%emt 0:00:15]} 66. Kd4 {[%emt 0:00:10]} Ra4+ {[%emt 0:00:20]} 67. Kc5 {[%emt 0:00:07]} Ke5 {[%emt 0:00:04]} 68. Kb5 {[%emt 0:00:25]} Rf4 {[%emt 0:00:18]} 69. a4 {[%emt 0:00:07]} g6 {[%emt 0:00:31]} 70. hxg6 {[%emt 0:00:05]} Rf6 {[%emt 0:00:03]} 71. g7 {[%emt 0:00:30]} Rg6 {[%emt 0:00:05]} 72. Rd7 {[%emt 0:00:23]} Kf4 {[%emt 0:00:43]} 73. Rf7+ {[%emt 0:00:08]} Ke5 {[%emt 0:00:25]} 74. a5 {[%emt 0:00:05]} Ke6 {[%emt 0:00:04]} 75. Rc7 {[%emt 0:00:05]} Kd5 {[%emt 0:00:14]} 76. a6 {[%emt 0:00:14]} 1-0

[Event "Elitserien Allsvenskan 2017-18"]
[Site "Lund"]
[Date "2017.10.21"]
[Round "2"]
[White "Ong, Kezli"]
[Black "Henriksson, Johan"]
[Result "1-0"]
[WhiteElo "2291"]
[BlackElo "2292"]
[Annotator "NA"]
[PlyCount "53"]
[EventDate "2017.??.??"]
[EventCountry "SWE"]
[SourceTitle "playchess.com"]
[Source "ChessBase"]
[SourceQuality "1"]
[TimeControl "40/5400+30:1800+30"]

1. e4 {[%emt 0:00:00]} c6 2. d4 {[%emt 0:00:00]} d5 {[%emt 0:00:06]} 3. Nc3 {[%emt 0:00:14]} dxe4 {[%emt 0:00:03]} 4. Nxe4 {[%emt 0:00:07]} Nf6 {[%emt 0:00:00]} 5. Nxf6+ $11 gxf6 {[%emt 0:00:00]} 6. c3 {[%emt 0:01:43]} Qd5 {[%emt 0:11:38]} 7. Be3 {[%emt 0:19:48]} Bf5 {[%emt 0:05:33]} 8. Nf3 {[%emt 0:15:11]} Nd7 {[%emt 0:05:09]} 9. g3 {[%emt 0:08:40]} O-O-O {[%emt 0:09:56]} 10. Bg2 {[%emt 0:03:37]} Qb5 {[%emt 0:08:20]} 11. Nh4 {[%emt 0:16:09]} Bd3 12. Qd2 e6 {[%emt 0:09:58]} 13. Rd1 {[%emt 0:08:07]} Bc4 {[%emt 0:04:41]} 14. b3 {[%emt 0:03:41]} Bd5 {[%emt 0:00:04]} 15. c4 {[%emt 0:01:04]} Qb6 {[%emt 0:01:58]} 16. O-O {[%emt 0:00:17]} Bxg2 {[%emt 0:00:52]} 17. Nxg2 {[%emt 0:00:20]} Qb4 {[%emt 0:00:41]} 18. Qc2 {[%emt 0:02:03]} Kb8 {[%emt 0:09:37]} 19. a3 {[%emt 0:06:59]} Qxa3 {[%emt 0:03:07]} 20. Bf4+ {[%emt 0:02:10]} Ka8 {[%emt 0:04:36]} 21. Ra1 {[%emt 0:00:14]} Qe7 {[%emt 0:03:18]} 22. Rxa7+ {[%emt 0:04:07]} Kxa7 {[%emt 0:00:04]} 23. Ra1+ Kb6 24. Qa2 {[%emt 0:01:47]} Qa3 {[%emt 0:00:17]} 25. c5+ {[%emt 0:00:26]} Bxc5 {[%emt 0:00:07]} 26. dxc5+ {[%emt 0:00:08]} Qxc5 {[%emt 0:00:02]} 27. Qa7+ {[%emt 0:00:21]} 1-0

[Event "Elitserien Allsvenskan 2017-18"]
[Site "Lund"]
[Date "2017.10.21"]
[Round "2"]
[White "Andersson, Fredrik"]
[Black "Namini, Armin"]
[Result "1/2-1/2"]
[WhiteElo "2286"]
[BlackElo "2180"]
[Annotator "NA"]
[PlyCount "45"]
[EventDate "2017.??.??"]
[EventCountry "SWE"]
[SourceTitle "playchess.com"]
[Source "ChessBase"]
[SourceQuality "1"]
[TimeControl "40/5400+30:1800+30"]

1. d4 {[%emt 0:00:00]} Nf6 {[%emt 0:00:09]} 2. c4 {[%emt 0:00:00]} g6 {[%emt 0:00:04]} 3. Nc3 {[%emt 0:00:00]} Bg7 {[%emt 0:00:04]} 4. e4 {[%emt 0:00:00]} d6 {[%emt 0:00:04]} 5. Nf3 {[%emt 0:00:01]} O-O {[%emt 0:00:05]} 6. Be2 {[%emt 0:00:08]} e5 {[%emt 0:00:05]} 7. O-O {[%emt 0:00:11]} Na6 $14 {[%emt 0:00:04] LiveBook: 4157 Partien} 8. Re1 {[%emt 0:04:25]} c6 {[%emt 0:00:55]} 9. Bf1 {[%emt 0:03:49]} Bg4 {[%emt 0:01:17]} 10. d5 {[%emt 0:07:33]} Ne8 {[%emt 0:00:18]} 11. Be2 {[%emt 0:06:20]} Bd7 {[%emt 0:05:04]} 12. Rb1 {[%emt 0:10:39]} c5 {[%emt 0:00:31]} 13. a3 {[%emt 0:01:13]} f5 {[%emt 0:05:12]} 14. b4 {[%emt 0:03:31]} Nf6 {[%emt 0:01:05]} 15. Ng5 {[%emt 0:12:13]} b6 {[%emt 0:11:51]} 16. Nb5 {[%emt 0:12:54]} Qe7 {[%emt 0:07:53]} 17. Bf3 {[%emt 0:04:56]} Rfc8 {[%emt 0:10:20]} 18. Qd3 {[%emt 0:09:13]} Nc7 {[%emt 0:10:59]} 19. Nxc7 {[%emt 0:06:44]} Rxc7 {[%emt 0:00:07]} 20. Bd2 {[%emt 0:07:38]} h6 {[%emt 0:06:34]} 21. Ne6 {[%emt 0:00:23]} Bxe6 {[%emt 0:00:05]} 22. dxe6 {[%emt 0:00:03]} f4 {[%emt 0:00:32]} 23. Bxf4 {[%emt 0:01:48]} 1/2-1/2

[Event "Elitserien Allsvenskan 2017-18"]
[Site "Lund"]
[Date "2017.10.21"]
[Round "2"]
[White "Vernersson, Per"]
[Black "Lissang, Christopher"]
[Result "1-0"]
[WhiteElo "2278"]
[BlackElo "2344"]
[Annotator "ChessBase"]
[PlyCount "20"]
[EventDate "2017.??.??"]
[EventCountry "SWE"]
[SourceTitle "playchess.com"]
[Source "ChessBase"]
[SourceQuality "1"]
[TimeControl "40/5400+30:1800+30"]

1. d4 {[%emt 0:00:00]} Nf6 {[%emt 0:04:46]} 2. c4 {[%emt 0:00:00]} e6 {[%emt 0:00:14]} 3. Nf3 {[%emt 0:01:15]} Bb4+ {[%emt 0:00:46]} 4. Nbd2 {[%emt 0:00:30]} b6 5. a3 {[%emt 0:00:40]} Bxd2+ {[%emt 0:05:33]} 6. Bxd2 {[%emt 0:01:48]} Bb7 {[%emt 0:00:09]} 7. Bg5 {[%emt 0:00:58]} d6 {[%emt 0:00:21]} 8. e3 {[%emt 0:01:36]} Nbd7 {[%emt 0:00:08]} 9. Bd3 {[%emt 0:01:06]} h6 {[%emt 0:00:18]} 10. Bxf6 {[%emt 0:01:06]} Nxf6 {[%emt 0:01:35]} 1-0

[Event "Elitserien Allsvenskan 2017-18"]
[Site "Lund"]
[Date "2017.10.21"]
[Round "2"]
[White "Malesevic, Nedeljko"]
[Black "Cederstam Barsk, Carl"]
[Result "0-1"]
[WhiteElo "2251"]
[BlackElo "2319"]
[Annotator "ChessBase"]
[PlyCount "24"]
[EventDate "2017.??.??"]
[EventCountry "SWE"]
[SourceTitle "playchess.com"]
[Source "ChessBase"]
[SourceQuality "1"]
[TimeControl "40/5400+30:1800+30"]

1. d4 {[%emt 0:00:00]} d5 {[%emt 0:02:37]} 2. Nf3 {[%emt 0:00:00]} Nf6 {[%emt 0:00:06]} 3. c4 {[%emt 0:00:00]} e6 {[%emt 0:00:05]} 4. cxd5 {[%emt 0:00:59]} exd5 {[%emt 0:00:07]} 5. Bg5 {[%emt 0:00:11]} c6 {[%emt 0:00:38]} 6. Nc3 {[%emt 0:00:53]} Be7 {[%emt 0:00:10]} 7. Qc2 {[%emt 0:00:14]} Nbd7 {[%emt 0:00:11]} 8. e3 {[%emt 0:01:11]} h6 {[%emt 0:00:08]} 9. Bh4 {[%emt 0:01:12]} Nh5 {[%emt 0:00:11]} 10. Bxe7 {[%emt 0:01:52]} Qxe7 {[%emt 0:00:02]} 11. Be2 {[%emt 0:01:10]} Nhf6 {[%emt 0:07:04]} 12. O-O {[%emt 0:04:11]} O-O {[%emt 0:01:03]} 0-1

[Event "Elitserien Allsvenskan 2017-18"]
[Site "Lund"]
[Date "2017.10.21"]
[Round "2"]
[White "Johansson, Thomas"]
[Black "Smith, Axel"]
[Result "1/2-1/2"]
[WhiteElo "2221"]
[BlackElo "2509"]
[Annotator "TA"]
[PlyCount "112"]
[EventDate "2017.??.??"]
[EventCountry "SWE"]
[SourceTitle "playchess.com"]
[Source "ChessBase"]
[SourceQuality "1"]

{[%evp 18,111,33,32,38,29,55,-23,-8,-8,-22,-141,-144,-132,-122,-132,-139,-144,-107,-118,-64,-79,-77,-94,-72,-86,-73,-79,-65,-110,-116,-120,-121,-119,-120,-137,-120,-137,-137,-141,-106,-108,-100,-95,-100,-110,-100,-81,-51,-57,-50,-41,-3,-3,-3,-3,-3,-46,-46,-54,0,0,0,-8,-8,-8,-8,-8,-8,-8,0,0,0,0,0,0,0,0,0,0,0,0,0,0,0,0,0,0,0,0,0,0,0,0,0,0]} 1. d4 Nf6 2. c4 c5 3. d5 b5 4. cxb5 a6 5. bxa6 g6 6. Nc3 {A58: Benko/Volga Gambit: Lines with 5 bxa6} Bg7 7. Nf3 (7. g3 d6 8. Bg2 O-O 9. Nf3 Nbd7 10. O-O Nb6 11. e4 Bxa6 12. Re1 Nc4 13. Bf1 Nd7 14. Nd2 Nde5 15. Nxc4 Nxc4 16. Bd3 Qb6 17. Rb1 Rfb8 18. Na4 Qb4 19. Kg2 Ne5 20. Bd2 {0-1 (53) Harika,D (2528)-Kramnik,V (2803) Douglas 2017}) 7... O-O 8. e4 Qa5 9. Nd2 Bxa6 10. Be2 {LiveBook: 40 Games} d6 11. O-O Nfd7 12. Qc2 $146 ({White should try} 12. Ndb1 $14) ({Predecessor:} 12. Ndb1 Rc8 13. Re1 Bxe2 14. Rxe2 {1-0 (59) Bocharov,D (2611)-Dubov,D (2648) Sochi 2016}) 12... Bxe2 $11 13. Nxe2 Na6 14. Nc4 (14. Qd1 $11) 14... Nb4 $1 $17 {[%csl LRa2,LRc2]} 15. Qb3 {[#]} Qa6 $1 16. Bg5 Rfb8 17. a3 Nxd5 18. Qc2 N5f6 (18... N5b6 $17 19. Ne3 Ne5) 19. Rad1 Nb6 20. Nxb6 Qxb6 21. e5 dxe5 22. Nc3 Rb7 23. Na4 Qb3 24. Qxb3 Rxb3 25. Nxc5 Rxb2 26. Rfe1 h6 27. Bc1 Rb5 28. Nd3 Rd8 29. Nb4 Rxd1 30. Rxd1 e6 31. Kf1 Nd5 32. Bd2 e4 33. Nxd5 exd5 $15 {[%mdl 4096] Endgame KRB-KRB} 34. a4 $1 {[%cal Ra4b5]} Rb2 {White must now prevent ...d4.} 35. Be3 Ra2 36. Rxd5 Rxa4 37. Rd8+ Kh7 38. Rd7 f6 (38... Ra1+ $15 39. Ke2 Bc3) 39. h4 $11 {The position is equal.} g5 40. hxg5 hxg5 41. g4 Kg6 42. Rd4 Rxd4 43. Bxd4 {KB-KB} Kf7 44. Ke2 {[#]} f5 $1 {[%mdl 512]} 45. Bxg7 (45. gxf5 Bxd4) 45... Kxg7 46. gxf5 {Threatens to win with Ke3. KPP-KPP} Kf6 47. Ke3 Kxf5 48. f3 exf3 49. Kxf3 {KP-K} g4+ {[%cal Bg5g4,Bg4g3,Bg3g2][%mdl 32]} 50. Kg3 Kg5 51. Kg2 Kh4 52. Kh2 g3+ 53. Kg2 Kg4 54. Kg1 Kh3 {( -> ...g2)} 55. Kh1 g2+ 56. Kg1 Kg3 $2 {[%mdl 8192] Precision: White = 67%, Black = 64%.} (56... Kg4 57. Kxg2) 1/2-1/2

[Event "Elitserien Allsvenskan 2017-18"]
[Site "Lund"]
[Date "2017.10.21"]
[Round "2"]
[White "Johansson, Carl Fredrik"]
[Black "Ahlander, Bjorn"]
[Result "0-1"]
[WhiteElo "2217"]
[BlackElo "2432"]
[Annotator "TA"]
[PlyCount "64"]
[EventDate "2017.??.??"]
[EventCountry "SWE"]
[SourceTitle "playchess.com"]
[Source "ChessBase"]
[SourceQuality "1"]

{[%evp 10,64,72,59,102,83,95,52,55,58,70,48,63,47,108,112,125,131,136,128,135,102,160,112,134,116,115,118,109,73,147,92,162,123,238,243,352,265,275,215,179,141,191,58,153,-7,-13,-18,0,-387,-387,-462,-457,-762,-757,-926,-826]} 1. d4 c5 2. d5 e6 3. c4 exd5 4. cxd5 d6 5. Nc3 Ne7 6. h4 {[%cal Bh2h4,Bh4h5,Bh5h6][%mdl 32] LiveBook: 4 Games. A43: Schmid Benoni} Ng6 7. h5 Ne5 8. h6 $146 {White is better.} ({Predecessor:} 8. e4 Be7 9. Be2 f5 10. exf5 Bxf5 11. g4 Bd7 12. f4 Nf7 13. g5 Na6 {1-0 (29) Van Wely,L (2575)-Zelcic,R (2500) Buekfuerdo 1995}) 8... g6 9. e4 a6 10. a4 Be7 11. Be2 O-O (11... g5 $14) 12. f4 $16 Bh4+ 13. Kf1 Ned7 14. Nf3 Bf6 15. Qc2 b6 (15... Bh8 $142) 16. Be3 {[%cal Bc1e3,Be3f2,Bf2h4][%mdl 32]} Bh8 17. Bf2 Nf6 18. Bh4 Ng4 19. Kg1 ({Much worse is} 19. Bxd8 $6 Ne3+ 20. Kf2 Nxc2 $11) 19... f6 (19... Qc7 $142) 20. Bd3 ({White should play} 20. Re1) 20... Ra7 (20... Qc7 $16 {was necessary.}) 21. e5 $18 {[#] Hoping for Bxg6!} dxe5 (21... Qc7 $16) 22. fxe5 {Bxg6! is the strong threat.} Ne3 (22... Nd7 {might work better.}) 23. Qe2 Nf5 ({Don't go for} 23... Nxd5 $2 24. Nxd5 Be6 25. Nf4 $18) 24. d6 Re8 25. Bc4+ Kf8 26. Nd5 ({Better is} 26. Ne4 $18) 26... Nd7 (26... Nxh4 $14 27. Rxh4 Nc6) 27. Rf1 $2 (27. e6 $16 Nxd6 28. e7+ Rxe7 29. Qxe7+ (29. Nxe7 Qxe7 30. Qxe7+ Kxe7 $16) 29... Qxe7 30. Nxe7 Kxe7 31. Bg8) 27... Nxe5 $11 28. Nxe5 {[#] aiming for Nf4.} Qxd6 29. Qf2 $2 {[%mdl 8192]} (29. Nxg6+ $1 $11 hxg6 30. Qd3 Nxh4 31. Rxh4) 29... Rxe5 $19 30. Rd1 Rd7 {Black is clearly winning.} 31. Qf3 (31. Nc3 $142 Qxd1+ 32. Nxd1 Rxd1+ 33. Kh2) 31... Bb7 32. Kf2 Bxd5 {Precision: White = 31%, Black = 46%.} 0-1

[Event "Elitserien Allsvenskan 2017-18"]
[Site "Lund"]
[Date "2017.10.21"]
[Round "2"]
[White "Sittenfeld, Johan"]
[Black "Dragicevic, Drazen"]
[Result "0-1"]
[WhiteElo "2167"]
[BlackElo "2349"]
[Annotator "NA"]
[PlyCount "114"]
[EventDate "2017.??.??"]
[EventCountry "SWE"]
[SourceTitle "playchess.com"]
[Source "ChessBase"]
[SourceQuality "1"]
[TimeControl "40/5400+30:1800+30"]

1. d4 {[%emt 0:00:00]} Nf6 {[%emt 0:02:36]} 2. c4 g6 {[%emt 0:01:36]} 3. Nc3 {[%emt 0:00:14]} d5 {[%emt 0:00:14]} 4. Bf4 {[%emt 0:01:36]} Bg7 {[%emt 0:04:18]} 5. e3 c5 {[%emt 0:01:10]} 6. dxc5 {[%emt 0:03:18]} Qa5 7. Qa4+ {[%emt 0:08:59]} Qxa4 {[%emt 0:02:10]} 8. Nxa4 {[%emt 0:16:32]} Na6 {[%emt 0:50:02]} 9. Nc3 {[%emt 0:11:45]} Ne4 10. Rc1 {[%emt 0:00:15]} Nxc3 {[%emt 0:02:12]} 11. bxc3 dxc4 {[%emt 0:02:00]} 12. Bxc4 {[%emt 0:04:27]} Nxc5 {[%emt 0:01:52]} 13. Nf3 {[%emt 0:01:42]} O-O {[%emt 0:02:21]} 14. O-O {[%emt 0:10:32]} Ne4 {[%emt 0:02:13]} 15. Be5 {[%emt 0:00:09]} Bxe5 {[%emt 0:00:32]} 16. Nxe5 {[%emt 0:01:33]} Nd2 17. Rfd1 Nxc4 {[%emt 0:01:11]} 18. Nxc4 {[%emt 0:00:39]} Be6 {[%emt 0:07:44]} 19. Na5 {[%emt 0:10:55]} Rfc8 {[%emt 0:05:08]} 20. h3 {[%emt 0:04:13]} Rc7 {[%emt 0:00:32]} 21. Nb3 {[%emt 0:01:31]} Rac8 {[%emt 0:04:42]} 22. Nd4 {[%emt 0:09:17]} Bc4 {[%emt 0:00:57]} 23. Rd2 {[%emt 0:01:26]} Ba6 24. Ne2 Bxe2 {[%emt 0:00:53]} 25. Rxe2 {[%emt 0:00:35]} Rxc3 {[%emt 0:00:00]} 26. Rxc3 {[%emt 0:00:38]} Rxc3 27. Rd2 {[%emt 0:02:41]} Rc7 {[%emt 0:00:34]} 28. Kf1 {[%emt 0:02:02]} f6 {[%emt 0:00:49]} 29. Ke2 {[%emt 0:00:57]} Kf7 {[%emt 0:01:44]} 30. h4 {[%emt 0:00:29]} Ke6 {[%emt 0:01:41]} 31. g3 {[%emt 0:00:53]} b6 {[%emt 0:01:19]} 32. Kf3 {[%emt 0:03:23]} Rc8 {[%emt 0:01:50]} 33. Rd3 {[%emt 0:01:04]} Rc5 {[%emt 0:00:52]} 34. a3 {[%emt 0:00:16]} Rf5+ {[%emt 0:00:51]} 35. Ke2 {[%emt 0:01:37]} Ra5 {[%emt 0:02:32]} 36. e4 {[%emt 0:00:22]} Ra4 {[%emt 0:00:28]} 37. Ke3 {[%emt 0:01:04]} Rc4 {[%emt 0:00:32]} 38. f3 {[%emt 0:01:28]} h5 {[%emt 0:01:08]} 39. Kd2 {[%emt 0:00:44]} Rc5 {[%emt 0:00:38]} 40. Ke3 {[%emt 0:00:00]} Rc2 {[%emt 0:03:23]} 41. f4 {[%emt 0:04:24]} Rc4 {[%emt 0:03:38]} 42. Kf3 {[%emt 0:02:32]} b5 {[%emt 0:02:52]} 43. Ke3 {[%emt 0:03:06]} Ra4 {[%emt 0:01:14]} 44. Rb3 {[%emt 0:05:16]} a6 {[%emt 0:04:12]} 45. Kf3 {[%emt 0:00:51]} Kd6 {[%emt 0:04:52]} 46. Re3 {[%emt 0:02:30]} a5 {[%emt 0:03:55]} 47. Ke2 {[%emt 0:01:18]} e5 {[%emt 0:01:24]} 48. Kd2 {[%emt 0:01:01]} Rd4+ {[%emt 0:01:24]} 49. Kc2 {[%emt 0:01:44]} Kc5 {[%emt 0:01:12]} 50. Kb2 Rc4 {[%emt 0:00:24]} 51. Re2 {[%emt 0:04:00]} Kd4 52. f5 gxf5 {[%emt 0:01:20]} 53. exf5 {[%emt 0:01:42]} e4 {[%emt 0:00:10]} 54. Rd2+ {[%emt 0:01:13]} Ke5 {[%emt 0:01:56]} 55. Rd8 Kxf5 56. Rd5+ {[%emt 0:01:47]} Kg4 {[%emt 0:00:38]} 57. Rxb5 e3 {[%emt 0:00:05]} 0-1

[Event "Elitserien Allsvenskan 2017-18"]
[Site "Lund"]
[Date "2017.10.21"]
[Round "2"]
[White "Svensson, Mans"]
[Black "Jogstad, Martin"]
[Result "0-1"]
[WhiteElo "2166"]
[BlackElo "2283"]
[Annotator "NA"]
[PlyCount "90"]
[EventDate "2017.??.??"]
[EventCountry "SWE"]
[SourceTitle "playchess.com"]
[Source "ChessBase"]
[SourceQuality "1"]
[TimeControl "40/5400+30:1800+30"]

1. d4 {[%emt 0:00:00]} d5 {[%emt 0:00:28]} 2. c4 {[%emt 0:00:00]} c6 {[%emt 0:00:06]} 3. Nf3 {[%emt 0:00:00]} Nf6 {[%emt 0:00:08]} 4. Qc2 {[%emt 0:00:00]} dxc4 $11 {[%emt 0:00:05]} 5. e4 {[%emt 0:00:45]} b5 {[%emt 0:00:09]} 6. b3 {[%emt 0:00:15]} cxb3 {[%emt 0:00:13]} 7. axb3 {[%emt 0:00:08]} e6 {[%emt 0:00:19]} 8. Bd2 {[%emt 0:00:17]} a5 {[%emt 0:00:13]} 9. Bd3 {[%emt 0:00:56]} Bb7 {[%emt 0:00:20]} 10. O-O {[%emt 0:00:29]} Be7 {[%emt 0:00:16]} 11. Nc3 {[%emt 0:05:29]} Na6 {[%emt 0:00:46]} 12. e5 {[%emt 0:04:05]} Nb4 {[%emt 0:06:30]} 13. exf6 {[%emt 0:08:53]} Nxc2 {[%emt 0:00:34]} 14. fxe7 {[%emt 0:00:04]} Qxe7 {[%emt 0:03:01]} 15. Bxc2 {[%emt 0:00:09]} O-O {[%emt 0:28:19]} 16. Ne4 {[%emt 0:02:35]} Qc7 {[%emt 0:08:40]} 17. Nc5 {[%emt 0:03:39]} Ra7 {[%emt 0:13:26]} 18. Rfc1 {[%emt 0:07:39]} Bc8 {[%emt 0:03:16]} 19. Be4 {[%emt 0:05:12]} f6 {[%emt 0:01:12]} 20. Nd3 {[%emt 0:06:40]} Bd7 {[%emt 0:05:15]} 21. Bf4 {[%emt 0:11:13]} Qc8 {[%emt 0:00:36]} 22. Nb4 {[%emt 0:03:04]} Qb7 {[%emt 0:11:22]} 23. Nxc6 {[%emt 0:20:33]} Bxc6 {[%emt 0:00:32]} 24. Bxc6 {[%emt 0:00:08]} Qa6 {[%emt 0:01:29]} 25. Rc5 {[%emt 0:02:36]} b4 {[%emt 0:03:57]} 26. Bb5 {[%emt 0:01:12]} Qb6 {[%emt 0:01:01]} 27. Bc4 {[%emt 0:02:51]} Re8 {[%emt 0:03:45]} 28. Rb5 {[%emt 0:01:22]} Qd8 {[%emt 0:02:56]} 29. Rb8 {[%emt 0:02:57]} Qe7 {[%emt 0:00:36]} 30. Rb6 {[%emt 0:03:37]} Qd8 {[%emt 0:05:13]} 31. Rxe6 {[%emt 0:00:37]} Rxe6 {[%emt 0:00:26]} 32. Bxe6+ {[%emt 0:00:08]} Kf8 {[%emt 0:00:35]} 33. Rc1 {[%emt 0:01:13]} g5 {[%emt 0:00:07]} 34. Be3 {[%emt 0:01:33]} Rc7 {[%emt 0:00:26]} 35. Rd1 {[%emt 0:00:36]} Rc6 {[%emt 0:00:22]} 36. Bf5 {[%emt 0:00:44]} Qd5 {[%emt 0:00:15]} 37. Bxh7 {[%emt 0:02:58]} Qxb3 {[%emt 0:00:02]} 38. Re1 {[%emt 0:00:17]} a4 {[%emt 0:00:42]} 39. Be4 {[%emt 0:03:33]} Re6 {[%emt 0:00:46]} 40. Bf5 {[%emt 0:00:44]} Re8 {[%emt 0:31:15]} 41. Rb1 {[%emt 0:15:43]} Rxe3 {[%emt 0:00:00]} 42. fxe3 {[%emt 0:02:16]} Qxe3+ {[%emt 0:00:00]} 43. Kh1 {[%emt 0:10:29]} a3 {[%emt 0:00:00]} 44. Rxb4 {[%emt 0:02:00]} a2 {[%emt 0:00:00]} 45. Rb8+ {[%emt 0:00:12]} Qe8 {[%emt 0:00:00]} 0-1

[Event "Elitserien Allsvenskan 2017-18"]
[Site "Lund"]
[Date "2017.10.21"]
[Round "2"]
[White "Jaderberg, Bjorn"]
[Black "Glimbrant, Torbjorn"]
[Result "1/2-1/2"]
[WhiteElo "2151"]
[BlackElo "2268"]
[Annotator "NA"]
[PlyCount "32"]
[EventDate "2017.??.??"]
[EventCountry "SWE"]
[SourceTitle "playchess.com"]
[Source "ChessBase"]
[SourceQuality "1"]
[TimeControl "40/5400+30:1800+30"]

1. Nf3 {[%emt 0:00:00]} Nf6 {[%emt 0:02:04]} 2. b3 {[%emt 0:00:00]} d5 {[%emt 0:03:31]} 3. Bb2 {[%emt 0:00:15]} e6 {[%emt 0:00:33]} 4. g3 {[%emt 0:01:13]} c5 {[%emt 0:00:34]} 5. Bg2 {[%emt 0:00:24]} Nc6 {[%emt 0:00:54]} 6. O-O {[%emt 0:00:28]} Be7 {[%emt 0:01:03]} 7. e3 {[%emt 0:05:52]} O-O {[%emt 0:01:23]} 8. d3 {[%emt 0:00:35]} b6 {[%emt 0:04:10]} 9. Nbd2 {[%emt 0:09:01]} Qc7 {[%emt 0:05:54]} 10. c4 {[%emt 0:00:59]} Bb7 {[%emt 0:02:59]} 11. Qe2 {[%emt 0:01:19]} Rad8 {[%emt 0:04:34]} 12. Rfd1 {[%emt 0:01:45]} Rfe8 {[%emt 0:13:17]} 13. d4 {[%emt 0:04:57]} dxc4 {[%emt 0:16:41]} 14. Nxc4 {[%emt 0:02:35]} cxd4 {[%emt 0:01:32]} 15. Nxd4 {[%emt 0:01:01]} Nxd4 {[%emt 0:01:10]} 16. Bxd4 {[%emt 0:00:31]} Bxg2 {[%emt 0:01:55]} 1/2-1/2